Health and safety / (Record no. 959)
[ view plain ]
| 000 -LEADER | |
|---|---|
| fixed length control field | 01572nam a2200361 a 4500 |
| 003 - CONTROL NUMBER IDENTIFIER | |
| control field | ALUPE UNIEVRSITY |
| 005 - DATE AND TIME OF LATEST TRANSACTION | |
| control field | 20210623061321.0 |
| 008 - FIXED-LENGTH DATA ELEMENTS--GENERAL INFORMATION | |
| fixed length control field | 900404m19901992enk 000 0 eng d |
| 020 ## - INTERNATIONAL STANDARD BOOK NUMBER | |
| International Standard Book Number | 0406146012 |
| 020 ## - INTERNATIONAL STANDARD BOOK NUMBER | |
| International Standard Book Number | 0406014213 (suppl) |
| 040 ## - CATALOGING SOURCE | |
| Transcribing agency | ALUPE UNIEVRSITY |
| 050 #0 - LIBRARY OF CONGRESS CALL NUMBER | |
| Classification number | KD3168 |
| Item number | .H46 1990 |
| 092 ## - LOCALLY ASSIGNED DEWEY CALL NUMBER (OCLC) | |
| Classification number | D0400582191 |
| 100 1# - MAIN ENTRY--PERSONAL NAME | |
| Personal name | Fife, Ian. |
| 245 10 - TITLE STATEMENT | |
| Title | Health and safety / |
| Statement of responsibility, etc. | by Ian Fife and E. Anthony Machin |
| 260 ## - PUBLICATION, DISTRIBUTION, ETC. | |
| Place of publication, distribution, etc. | London : |
| Name of publisher, distributor, etc. | Butterworths, |
| Date of publication, distribution, etc. | 1990-1992 |
| 300 ## - PHYSICAL DESCRIPTION | |
| Extent | lxxv, 1700 p ; |
| Dimensions | 18 cm + |
| Accompanying material | supplement (xxvii, 247 p.) |
| 500 ## - GENERAL NOTE | |
| General note | At head of t.p.: Redgrave Fife and Machin |
| 500 ## - GENERAL NOTE | |
| General note | Comprises amalgamation and revision of Redgrave's Health and safety in factories, 2nd ed. 1982, (in effect the 24th ed. of the book originally publ. by Alexander Redgrave in 1878) and Health and safety at work, 1980 both by Ian Fife and E. Anthony Machin |
| 504 ## - BIBLIOGRAPHY, ETC. NOTE | |
| Bibliography, etc. note | Includes index |
| 650 #0 - SUBJECT ADDED ENTRY--TOPICAL TERM | |
| Topical term or geographic name entry element | Industrial hygiene |
| General subdivision | Law and legislation |
| Geographic subdivision | Great Britain. |
| 650 #0 - SUBJECT ADDED ENTRY--TOPICAL TERM | |
| Topical term or geographic name entry element | Industrial safety |
| General subdivision | Law and legislation |
| Geographic subdivision | Great Britain |
| 700 1# - ADDED ENTRY--PERSONAL NAME | |
| Personal name | Machin, E. Anthony. |
| 700 1# - ADDED ENTRY--PERSONAL NAME | |
| Personal name | Fife, Ian. |
| Title of a work | Redgrave's health and safety in factories. |
| 700 1# - ADDED ENTRY--PERSONAL NAME | |
| Personal name | Fife, Ian. |
| Title of a work | Health and safety at work excluding factories and mines. |
| 700 1# - ADDED ENTRY--PERSONAL NAME | |
| Personal name | Redgrave, Alexander, |
| Dates associated with a name | 1818-1894. |
| Title of a work | Redgrave's health and safety in factories |
| 942 ## - ADDED ENTRY ELEMENTS (KOHA) | |
| Source of classification or shelving scheme | |
| Koha item type | Book |
| Suppress in OPAC | DO |
| Withdrawn status | Lost status | Source of classification or shelving scheme | Damaged status | Not for loan | Permanent Location | Current Location | Shelving location | Date acquired | Total Checkouts | Full call number | Barcode | Date last seen | Price effective from | Koha item type | Public note |
|---|---|---|---|---|---|---|---|---|---|---|---|---|---|---|---|
| AU LIBRARY | AU LIBRARY | Open Shelf | 23.06.2021 | KD3168 .H46 1990 | 28001713 | 23.06.2021 | 23.06.2021 | Book | DO |